书目信息 |
| 题名: |
天然药物学
|
|
| 作者: | 李建民 主编 | |
| 分册: | ||
| 出版信息: | 北京 化学工业出版社 2017.6 |
|
| 页数: | 375页 | |
| 开本: | 27cm | |
| 丛书名: | ||
| 单 册: | ||
| 中图分类: | R93 | |
| 科图分类: | ||
| 主题词: | 生药学--高等职业教育--教材 , 生药学 | |
| 电子资源: | ||
| ISBN: | 978-7-122-19387-2 | |
| 000 | 00959nam0 2200265 450 | |
| 001 | 0400003940 | |
| 005 | 20171022201054.0 | |
| 010 | @a978-7-122-19387-2@dCNY49.00 | |
| 090 | @aR93@bljm | |
| 100 | @a20171022d2017 em y0chiy ea | |
| 101 | 0 | @achi |
| 102 | @aCN@b110000 | |
| 105 | @aa z 001yy | |
| 106 | @ar | |
| 200 | 1 | @a天然药物学@9tian ran yao wu xue@f李建民主编 |
| 210 | @a北京@c化学工业出版社@d2017.6 | |
| 215 | @a375页@c图@d27cm | |
| 300 | @a高职高专“十二五”规划教材 | |
| 330 | @a本书内容共分总论、各论、实践指导、附录四部分。总论分5章,主要介绍天然药物与药用植物学的基础知识。各论分11章,介绍各类常用天然药物269种(含附药),其中重点天然药物39种。实践指导包括19个实验。书后附有被子植物门分科检索表、天然药物名索引和重点天然药物彩图。 | |
| 606 | 0 | @a生药学@x高等职业教育@j教材 |
| 606 | 0 | @a生药学 |
| 690 | @aR93@v5 | |
| 701 | 0 | @a李建民@9li jian min@c(药物学)@4主编 |
| 801 | 0 | @aCN@bNLC@c20171022 |
| 905 | @b1036626-30@dR93@f5@e130 | |
| 天然药物学/李建民主编.-北京:化学工业出版社,2017.6 |
| 375页:图;27cm |
| 高职高专“十二五”规划教材 |
| ISBN 978-7-122-19387-2:CNY49.00 |
| 本书内容共分总论、各论、实践指导、附录四部分。总论分5章,主要介绍天然药物与药用植物学的基础知识。各论分11章,介绍各类常用天然药物269种(含附药),其中重点天然药物39种。实践指导包括19个实验。书后附有被子植物门分科检索表、天然药物名索引和重点天然药物彩图。 |
| ● |
| 相关链接 |
|
|
|
|
正题名:天然药物学
索取号:R93/130
 
预约/预借
| 序号 | 登录号 | 条形码 | 馆藏地/架位号 | 状态 | 备注 |
| 1 | 1036626 | 210366263 | 第二样本阅览室/ [索取号:R93/130] | 在馆 | |
| 2 | 1036627 | 210366272 | 密集书库-生命科学系/ [索取号:R93/130] | 在馆 | |
| 3 | 1036628 | 210366281 | 第三借阅区/ [索取号:R93/130] | 在馆 | |
| 4 | 1036629 | 210366290 | 第三借阅区/ [索取号:R93/130] | 在馆 | |
| 5 | 1036630 | 210366307 | 第三借阅区/ [索取号:R93/130] | 在馆 |